000 00634nam a2200205Ii 4500
003 JO-AjNU
008 230605s9999||||xx |||||||||||||| ||und||
017 _a1969/2413
040 _aJO-AjNU
_bara
_erda
_cJO-AjNU
041 _aara
050 1 4 _aLB2159 1969
100 3 _aحسين،سيد حسن,
_eauthor
_935819
245 0 0 _aدراسات في الإشراف الفني
264 3 1 _aالقاهرة:مكتبة الأنجلو المصرية،1969
300 _a219ص
336 _atext
_btxt
_2rdacontent
337 _aunmediated
_bn
_2rdamedia
338 _avolume
_bnc
_2rdacarrier
650 4 _a إشراف تربوي
_935820
999 _aA14824
_c18392
_d18392